00660nam a2200169 a 450000100100000000500170001000800410002702000150006804000250008308200130010824501020012126000530022330000190027650000670029595201110036299900170047300003728620200930080251.0120321s1994 fr 000 0 spa d z8400074396 aDO-SdBNPbspacBNPHU axxxbxxx00aNouveau monde :bet renouveau de l'histoire naturelle /ccoordinateurs, Marie-Cécile Bénassy. aParis :bPresses de la Sorbonne Nouvelle,c1994. a3 v. ;c24 cm. aComprend notes bibliographiques et des références de page. 001050718MOaGRbGRcCTd2012-03-21iLF1l0oxxx xxxp37286-10r2020-06-25w2020-06-25y1ZNo se presta c36776d36776